Documentos de Estudio. Realidad Centroaméricana. Integración y Dependencia en Centroamérica
Đã lưu trong:
| Định dạng: | Texto |
|---|---|
| Các nhãn: |
Thêm thẻ
Không có thẻ, Là người đầu tiên thẻ bản ghi này!
|
MARC
| LEADER | 00000 a a2200000 04500 | ||
|---|---|---|---|
| 001 | 25322 | ||
| 003 | |||
| 040 | |||
| 090 | |a 150025 | ||
| 245 | |a Documentos de Estudio. Realidad Centroaméricana. Integración y Dependencia en Centroamérica | ||
| 300 | |a pag cortada | ||
| 999 | |c 10324 |d 10324 | ||
